[Event "AUTO-ADV-653"]
[Site "http://www.queenalice.com/game.php?id=348164"]
[Date "2008.2.3"]
[Round "2"]
[White "guzanito"]
[Black "littleBrother"]
[Result "1-0"]
[WhiteElo "2091"]
[BlackElo "2154"]

1. e4 e5 2. Nf3 Nc6 3. Bc4 Bc5 4. b4 Bxb4 5. c3 Be7 6. Qb3 Nh6 7. d4 Na5 8. Qa4
Nxc4 9. Qxc4 d6 10. Bxh6 gxh6 11. Nbd2 exd4 12. cxd4 Rg8 13. g3 Qd7 14. O-O h5
15. Rac1 c6 16. d5 c5 17. e5 b6 18. Rfe1 Bb7 19. e6 fxe6 20. Rxe6 O-O-O 21. Rce1
Rg7 22. Ne4 Rf8 23. Nd4 Kb8 24. Nb5 Ba6 25. a4 Bxb5 26. axb5 h4 27. Qe2 hxg3 28.
hxg3 Rff7 29. Nc3 Bf6 30. Re8+ Bd8 31. Re6 Re7 32. Qh5 Rxe6 33. dxe6 Qe7 34. Nd5
Qf8 35. Re4 Bg5 36. e7 Bxe7 37. Qe2 Kc8 38. Nxe7+ Kd7 39. Nd5 Rf7 40. Qg4+ Kd8
41. Rf4 Rxf4 42. Nxf4 Qe8 43. Qe6 Qxe6 44. Nxe6+ Ke7 45. Nf4 Kf6 46. Kf1 Ke5 47.
Ke2 d5 48. f3 c4 49. Kd2 d4 50. Ne2 Kd5 51. g4 Kc5 52. f4 Kxb5 53. Nxd4+ Kc5 54.
f5 a6 55. f6 Kd6 56. Kc3 b5 57. g5 Kd7 58. Nf5 a5 59. f7 1-0

[Event "AUTO-ADV-680"]
[Site "http://www.queenalice.com/game.php?id=360052"]
[Date "2008.2.24"]
[Round "2"]
[White "vindaloo"]
[Black "littleBrother"]
[Result "0-1"]
[WhiteElo "1778"]
[BlackElo "2153"]

1. e4 e5 2. Nf3 Nc6 3. d4 exd4 4. Nxd4 Nf6 5. Nc3 Bb4 6. Nxc6 Bxc3+ 7. bxc3 bxc6
8. Bd3 O-O 9. O-O Re8 10. Qf3 h6 11. Re1 Rb8 12. e5 Nd5 13. Qe4 Nf6 14. Qh4 Nh7
15. Qg3 Kh8 16. f4 d6 17. Be3 dxe5 18. fxe5 a5 19. Bd4 Be6 20. a3 Qe7 21. c4
Red8 22. Qe3 Nf8 23. Bc3 a4 24. c5 Nd7 25. Qe4 g6 26. Bb4 Bd5 27. Qe3 Qh4 28.
Bc3 Kh7 29. Re2 Re8 30. Rae1 Re7 31. g3 Qh5 32. Qd4 Re6 33. Be4 Rb1 34. Bxd5
Qxe2 35. Rxb1 cxd5 36. Rf1 Nxe5 37. Qf2 Qxf2+ 38. Rxf2 Kg8 39. h3 Nc4 40. Bb4
Re3 41. Kg2 Nxa3 42. c3 Nc4 43. c6 Re6 44. Ra2 Nb6 45. Kf2 Rxc6 46. Ke3 Rc4 47.
Ba5 f5 48. Kd3 Kf7 49. Rb2 a3 50. Ra2 Ra4 51. Bxb6 cxb6 52. Kc2 g5 53. Kb3 Ra5
54. Rxa3 Rxa3+ 55. Kxa3 f4 0-1

[Event "AUTO-ADV-680"]
[Site "http://www.queenalice.com/game.php?id=360053"]
[Date "2008.2.24"]
[Round "2"]
[White "littleBrother"]
[Black "vindaloo"]
[Result "1-0"]
[WhiteElo "2113"]
[BlackElo "1842"]

1. e4 e6 2. d4 d5 3. Nc3 dxe4 4. Nxe4 c6 5. Nf3 h6 6. Bf4 Nf6 7. Bd3 Qb6 8.
Nxf6+ gxf6 9. Qc1 Nd7 10. c3 Bg7 11. O-O Qd8 12. Re1 b6 13. Bd6 Nf8 14. Bf4 Bd7
15. Nh4 f5 16. Nxf5 Bf6 17. Bxh6 Qc7 18. Bf4 Qd8 19. Nd6+ Ke7 20. Nf5+ Ke8 21.
Qc2 Ng6 22. Nd6+ Kf8 23. Bxg6 fxg6 24. Qxg6 Qe7 25. Ne4 Rg8 26. Qxf6+ Qxf6 27.
Nxf6 Ke7 28. Nxg8+ Rxg8 29. Be5 Rc8 30. Re3 c5 31. dxc5 Rxc5 32. Rd1 Be8 33.
Bd6+ 1-0

[Event "ramongarcia"]
[Site "http://www.queenalice.com/game.php?id=376450"]
[Date "2008.3.24"]
[Round "2"]
[White "littleBrother"]
[Black "corinthians2"]
[Result "1-0"]
[WhiteElo "2107"]
[BlackElo "2040"]

1. e4 c5 2. Nf3 e6 3. d4 cxd4 4. Nxd4 Nc6 5. Nc3 Qc7 6. Be3 a6 7. Qd2 Nf6 8. f3
b5 9. O-O-O Bb7 10. Be2 Rc8 11. Nxc6 dxc6 12. Qd3 c5 13. Bg5 Be7 14. e5 Nd5 15.
Bxe7 Qxe7 16. Nxd5 Bxd5 17. Kb1 O-O 18. Qe3 c4 19. c3 b4 20. Rhg1 bxc3 21. Qxc3
Rb8 22. f4 Qb4 23. Rc1 Rfc8 24. g3 Rc6 25. Rgd1 Rcb6 26. Rd2 g6 27. Qd4 1-0

[Event "Challenge"]
[Site "http://www.queenalice.com/game.php?id=386007"]
[Date "2008.4.11"]
[Round "-"]
[White "littleBrother"]
[Black "patoche"]
[Result "1/2-1/2"]
[WhiteElo "2107"]
[BlackElo "2099"]

1. e4 Nc6 2. d4 d5 3. e5 Bf5 4. Nf3 e6 5. Bd3 Bxd3 6. Qxd3 Qd7 7. b3 Nb4 8. Qd2
c5 9. c3 Nc6 10. O-O cxd4 11. cxd4 h6 12. Ba3 Bxa3 13. Nxa3 a6 14. Rac1 Nge7 15.
Nc2 O-O 16. Nb4 Nxb4 17. Qxb4 Nc6 18. Qd2 Rac8 1/2-1/2

[Event "Challenge"]
[Site "http://www.queenalice.com/game.php?id=386008"]
[Date "2008.4.11"]
[Round "-"]
[White "patoche"]
[Black "littleBrother"]
[Result "1/2-1/2"]
[WhiteElo "2110"]
[BlackElo "2130"]

1. e4 e5 2. Bc4 Nf6 3. Nc3 Bb4 4. d3 Nc6 5. Bg5 d6 6. Ne2 Qe7 7. O-O Be6 8. Nd5
Bxd5 9. exd5 Nb8 10. f4 Bc5+ 11. Kh1 Nbd7 12. d4 Bb6 13. a4 O-O 14. a5 Bxd4 15.
Nxd4 exd4 16. Re1 Qd8 17. Qxd4 Re8 18. Bb5 Rxe1+ 19. Rxe1 Qf8 20. Bxd7 Nxd7 21.
Re7 Re8 22. Qe3 Rxe7 23. Qxe7 1/2-1/2

[Event "AUTO-ADV-680"]
[Site "http://www.queenalice.com/game.php?id=388306"]
[Date "2008.4.15"]
[Round "3"]
[White "littleBrother"]
[Black "ramongarcia"]
[Result "0-1"]
[WhiteElo "2125"]
[BlackElo "2383"]

1. e4 e5 2. Nf3 Nc6 3. Bc4 Bc5 4. d3 d6 5. Nc3 Na5 6. Bb3 Nxb3 7. axb3 a6 8. O-O
Nf6 9. d4 exd4 10. Nxd4 h6 11. Be3 O-O 12. Qd2 Ng4 13. Rfd1 Nxe3 14. Qxe3 c6 15.
Qg3 Re8 16. Rd3 Qg5 17. Qxg5 hxg5 0-1

[Event "AUTO-ADV-680"]
[Site "http://www.queenalice.com/game.php?id=388307"]
[Date "2008.4.15"]
[Round "3"]
[White "ramongarcia"]
[Black "littleBrother"]
[Result "1-0"]
[WhiteElo "2378"]
[BlackElo "2130"]

1. e4 e5 2. Bc4 Nf6 3. d3 d5 4. exd5 Nxd5 5. Nf3 Nc6 6. O-O Be6 7. Re1 Bd6 8.
Ng5 Qf6 9. Nxe6 Qxe6 10. d4 O-O-O 11. Nc3 Nce7 12. Bb3 Kb8 13. Nxd5 Nxd5 14. c4
Ne7 15. c5 Qf6 16. cxd6 cxd6 17. dxe5 dxe5 18. Qh5 1-0

[Event "AUTO-BEG-128"]
[Site "http://www.queenalice.com/game.php?id=394135"]
[Date "2008.4.27"]
[Round "3"]
[White "littleBrother"]
[Black "toomlee"]
[Result "1-0"]
[WhiteElo "2119"]
[BlackElo "1533"]

1. e4 e5 2. Nf3 d6 3. d4 exd4 4. Nxd4 Qh4 5. Nc3 c5 6. Nf3 Qd8 7. Bc4 Nf6 8. Bg5
Be7 9. Nd5 Nxd5 10. Qxd5 Be6 11. Bxe7 Qxe7 12. Bb5+ Kf8 13. Qd3 a6 14. Bc4 Bxc4
15. Qxc4 b5 16. Qd5 Qa7 17. Qxd6+ Ke8 18. O-O-O 1-0

[Event "AUTO-BEG-128"]
[Site "http://www.queenalice.com/game.php?id=394136"]
[Date "2008.4.27"]
[Round "3"]
[White "toomlee"]
[Black "littleBrother"]
[Result "0-1"]
[WhiteElo "1566"]
[BlackElo "2106"]

1. e4 e5 2. Qh5 Nc6 3. Bc4 Qe7 4. Qf3 Nd4 5. Qd1 Qh4 6. c3 Qxe4+ 7. Be2 Nc2+ 8.
Kf1 Nxa1 9. d3 Qf5 10. Na3 Bc5 11. b4 Qxf2# 0-1

[Event "AUTO-BEG-128"]
[Site "http://www.queenalice.com/game.php?id=394137"]
[Date "2008.4.27"]
[Round "3"]
[White "littleBrother"]
[Black "PromotedPawn"]
[Result "1-0"]
[WhiteElo "2129"]
[BlackElo "1709"]

1. e4 e5 2. Nf3 Nc6 3. Bc4 Bc5 4. d3 Nf6 5. Nc3 d6 6. Bg5 h6 7. Be3 Ng4 8. Bxc5
dxc5 9. h3 Nf6 10. Qd2 Qe7 11. O-O-O Be6 12. Bb5 Qd6 13. Bxc6+ 1-0

[Event "AUTO-BEG-128"]
[Site "http://www.queenalice.com/game.php?id=394138"]
[Date "2008.4.27"]
[Round "3"]
[White "PromotedPawn"]
[Black "littleBrother"]
[Result "0-1"]
[WhiteElo "1685"]
[BlackElo "2129"]

1. e4 e5 2. Nf3 Nc6 3. Bb5 a6 4. Bxc6 dxc6 5. O-O Bd6 6. d4 Bg4 7. h3 Bxf3 8.
Qxf3 exd4 9. Qg4 Qf6 10. Bg5 Qe5 11. Qg3 Qxe4 12. Qg4 Qxg4 0-1

[Event "AUTO-MASTER-744"]
[Site "http://www.queenalice.com/game.php?id=543490"]
[Date "2009.2.20"]
[Round "1"]
[White "rsgaspar"]
[Black "littleBrother"]
[Result "0-1"]
[WhiteElo "1756"]
[BlackElo "2107"]

1. e4 e5 2. Nf3 Nc6 3. Bc4 Bc5 4. c3 Qe7 5. b4 Bb6 6. d3 Nf6 7. a4 a6 8. h3 d6
9. Bg5 Bd7 10. Nbd2 h6 11. Bh4 g5 12. Bg3 Nh5 13. Bh2 f5 14. Nxe5 Nxe5 15. Qxh5+
Kd8 16. a5 Ba7 17. Qe2 Rf8 18. Bb3 Bc6 19. d4 Ng6 20. d5 Be8 21. O-O f4 22. Kh1
Qf6 23. Rac1 Bd7 24. c4 Ke7 25. f3 Rae8 26. c5 Kd8 27. Qd3 Ne5 28. Qc3 h5 29.
Nc4 Nxc4 30. Qxf6+ Rxf6 31. Bxc4 dxc5 32. bxc5 Bxc5 33. Rc2 Bd6 34. Rb1 Bc8 35.
Bg1 g4 36. Bd4 Rg6 37. fxg4 hxg4 38. h4 Rh6 39. e5 Rxh4+ 40. Kg1 Bxe5 41. Bxe5
Rxe5 42. Rbc1 g3 43. Bb3 Reh5 44. Kf1 Re5 45. Kg1 Bg4 46. Rxc7 Reh5 0-1

[Event "AUTO-MASTER-744"]
[Site "http://www.queenalice.com/game.php?id=543491"]
[Date "2009.2.20"]
[Round "1"]
[White "littleBrother"]
[Black "rsgaspar"]
[Result "1-0"]
[WhiteElo "2108"]
[BlackElo "1754"]

1. e4 e5 2. Nf3 Nc6 3. Bc4 Bc5 4. d3 h6 5. Nc3 d6 6. Be3 Bxe3 7. fxe3 Nf6 8. Qd2
Na5 9. Bb3 Nxb3 10. axb3 a6 11. d4 Qe7 12. O-O b5 13. Qd3 Bb7 14. d5 c6 15. Nd2
O-O 16. b4 Rfc8 17. Rfd1 c5 18. bxc5 Rxc5 19. b4 Rc4 20. Nxc4 bxc4 21. Qxc4 Rc8
22. Qd3 Nd7 23. Rdb1 Nb6 24. b5 axb5 25. Rxb5 Qc7 26. Rab1 Ba6 27. Qd2 Bxb5 28.
Nxb5 Qc5 29. Na7 Rc7 30. Nc6 Nc4 31. Qc3 Qxe3+ 32. Qxe3 Nxe3 33. Rb8+ Kh7 34.
Rd8 Nc4 35. Kf2 Kg6 36. Ke2 Na3 37. Rxd6+ f6 38. Kd3 Nb5 39. Rd8 Kg5 40. c4 Na7
41. Nxa7 Rxa7 42. Rb8 Ra3+ 43. Kc2 f5 44. d6 Kf6 45. d7 1-0

[Event "AUTO-MASTER-744"]
[Site "http://www.queenalice.com/game.php?id=543504"]
[Date "2009.2.20"]
[Round "1"]
[White "Artking"]
[Black "littleBrother"]
[Result "0-1"]
[WhiteElo "1594"]
[BlackElo "2105"]

1. Nf3 Nf6 2. d4 e6 3. c4 d5 4. g3 c6 5. Bg2 dxc4 6. a4 b5 7. axb5 cxb5 8. Ne5
Nd5 9. Nc3 Bb4 10. Bd2 Bxc3 11. bxc3 Bb7 12. e4 Nf6 13. Qc2 O-O 14. O-O Nc6 15.
f4 a5 16. f5 Nxe5 17. dxe5 Ng4 18. h3 Nxe5 19. Rad1 Qb6+ 20. Kh1 exf5 0-1

[Event "AUTO-MASTER-744"]
[Site "http://www.queenalice.com/game.php?id=543505"]
[Date "2009.2.20"]
[Round "1"]
[White "littleBrother"]
[Black "Artking"]
[Result "1-0"]
[WhiteElo "2106"]
[BlackElo "1592"]

1. e4 c5 2. Nf3 a6 3. d4 cxd4 4. Nxd4 d6 5. Nc3 Nf6 6. Be3 g6 7. Qd2 Bg7 8. Be2
Nc6 9. O-O-O Bd7 10. f3 Rc8 11. g4 Be6 12. h4 h5 13. Rdg1 Ne5 14. gxh5 Nxh5 15.
f4 1-0

[Event "AUTO-MASTER-744"]
[Site "http://www.queenalice.com/game.php?id=543512"]
[Date "2009.2.20"]
[Round "1"]
[White "IgorLutz"]
[Black "littleBrother"]
[Result "1-0"]
[WhiteElo "2212"]
[BlackElo "2109"]

1. d4 d5 2. c4 e6 3. Nf3 Nf6 4. g3 Nbd7 5. Nbd2 c5 6. Bg2 Qc7 7. cxd5 Nxd5 8.
O-O b6 9. e4 N5f6 10. Qc2 Bb7 11. b3 Be7 12. Bb2 Rc8 13. Rac1 O-O 14. Rfd1 Qc6
15. Ne5 Nxe5 16. dxe5 Nd7 17. Nc4 Rfd8 18. Nd6 Rc7 19. Bf1 a6 20. a4 Nb8 21. Bb5
axb5 22. axb5 Qd7 23. Nxb7 Qe8 24. Nxd8 Bxd8 25. Rd6 Rd7 26. Qc4 Bc7 27. Rxd7
Qxd7 28. Qe2 Qe7 29. Ra1 h6 30. Ra7 Qd8 31. f4 Nd7 32. Qd3 Qc8 33. Bc3 Nf8 34.
b4 Bb8 35. Ra6 Nd7 36. Qc4 Qc7 37. bxc5 Nxc5 38. Ra2 Qe7 39. Bb4 Kf8 40. Bxc5
bxc5 41. Ra8 Qc7 42. Qa4 c4 43. Qb4+ Kg8 44. Qd6 1-0

[Event "AUTO-MASTER-744"]
[Site "http://www.queenalice.com/game.php?id=543513"]
[Date "2009.2.20"]
[Round "1"]
[White "littleBrother"]
[Black "IgorLutz"]
[Result "0-1"]
[WhiteElo "2100"]
[BlackElo "2224"]

1. d4 d5 2. c4 Nf6 3. cxd5 Nxd5 4. e4 Nb6 5. Nf3 g6 6. Nc3 Bg7 7. Be3 O-O 8. Qd2
c6 9. Bh6 Bg4 10. Be2 Bxf3 11. Bxf3 Nc4 12. Qc1 Qxd4 13. O-O Bxh6 14. Qxh6 Nxb2
15. Ne2 Qe5 16. Rab1 Rd8 17. Qc1 Nd3 18. Qc4 b5 19. Qc2 Qc5 20. Qxc5 Nxc5 21.
Rfc1 Nba6 22. e5 Rac8 23. g3 Rd3 24. Kg2 Rd2 25. Nc3 Nd3 26. Rd1 Rxd1 27. Rxd1
Nxe5 28. Be2 Nb4 29. Rd2 e6 30. a3 Nd5 31. Rc2 a6 32. Ne4 Nb6 33. Nc5 a5 34. Nb7
Nbc4 35. a4 Rb8 36. Nc5 Rd8 37. f4 Ne3+ 0-1

[Event "Challenge"]
[Site "http://www.queenalice.com/game.php?id=579597"]
[Date "2009.4.28"]
[Round "-"]
[White "twin"]
[Black "littleBrother"]
[Result "1-0"]
[WhiteElo "1687"]
[BlackElo "2089"]

1. e4 e5 2. Nf3 Nc6 3. Bc4 Bc5 4. c3 Qe7 5. d4 exd4 6. cxd4 Qxe4+ 7. Be3 Be7 8.
Nc3 Qg6 9. O-O d6 10. Ng5 Bxg5 11. Nd5 Bd8 12. Qf3 Nf6 13. Nxf6+ Bxf6 14. d5 1-0